00702nam a2200217Ia 4500008004100000020001800041041000800059082001600067100002700083245005200110250001100162260003900173300000900212440001000221500002000231650002500251700002700276906000800303999001700311952015600328230125s9999 xx 000 0 und d a81-314-0509-5 aeng a658.15bKRI aKrishna S, Ed.9112641 aSelf-Help Groups in the Context of Microfinance a1st ed c2006bICFAI publicationaHyderabad a207p aICFAI aMicrofinance;FM aFinancial Management aKrishna S, Ed.9112641 b120 c89630d89630 00104070aHIMRbHIMRd2009-09-29eWord Book Shopg400.00i58l0o658.15 KRI B07735pHIMR-BK-7735r2023-01-25 00:00:00v280.00w2009-09-15yBKzB07735